Central Library and Information Centre
Sibsagar Girls' College, Sivasagar : Assam

EMBRYOLOGY OF ANGIOSPERMS (Record no. 7831)

MARC details
000 -LEADER
fixed length control field 00363cam a2200157ua 4500
008 - FIXED-LENGTH DATA ELEMENTS--GENERAL INFORMATION
fixed length control field 120724n1995 II |||gr||||Z||||||eng
040 ## - CATALOGING SOURCE
Original cataloging agency MAIN
041 ## - LANGUAGE CODE
-- English
082 ## - DEWEY DECIMAL CLASSIFICATION NUMBER
Classification number 571.86 PAN
100 ## - MAIN ENTRY--PERSONAL NAME
Personal name PANDEY, S. P.
245 ## - TITLE STATEMENT
Title EMBRYOLOGY OF ANGIOSPERMS
260 ## - PUBLICATION, DISTRIBUTION, ETC.
Place of publication, distribution, etc. NEW DELHI
Name of publisher, distributor, etc. S.CHAND & COMPANY
Date of publication, distribution, etc. 1995
300 ## - PHYSICAL DESCRIPTION
Extent 264:
Dimensions 23CM.
942 ## - ADDED ENTRY ELEMENTS (KOHA)
Koha item type Books
Holdings
Withdrawn status Lost status Damaged status Not for loan Collection code Home library Current library Shelving location Date acquired Total Checkouts Full call number Barcode Date last seen Date last checked out Copy number Price effective from Koha item type Public note
        REFBOT Central Library and Information Centre Sibsagar Girls College Central Library and Information Centre Sibsagar Girls College BOTANY BOOK RACK 23.06.1998 1 571.86 PAN 15176 14.02.2025 21.01.2025 1 27.02.2020 Books V
    Damaged   Environmental science Central Library and Information Centre Sibsagar Girls College Central Library and Information Centre Sibsagar Girls College Botany Rack 23.06.1998   571.86 PAN 15177 27.02.2020   2 27.02.2020 Books  


Sibsagar Girl's College © 2020. All rights reserved.
Powered by Koha.
Maintained by Abhijit Borpuzari.